[Event "SV Lauf 1-SC Heideck/Hilpoltstein 1"]
[Site "?"]
[Date "2015.01.25"]
[Round "5.2"]
[White "Leopold, Christian"]
[Black "Kirchner, Norbert"]
[Result "0-1"]
[WhiteElo "1962"]
[BlackElo "2013"]
[PlyCount "58"]
[EventDate "2015.??.??"]
[WhiteTeam "SV Lauf 1"]
[BlackTeam "SC Heideck/Hilpoltstein 1"]

1. e4 e5 2. Bc4 Bc5 3. Nc3 d6 4. d3 c6 5. Qe2 Qf6 6. Be3 Bb4 7. O-O-O Ne7 8. h4
h6 9. d4 b5 10. Bb3 Bxc3 11. bxc3 a6 12. g4 Ng6 13. g5 Qe7 14. gxh6 gxh6 15. h5
Nf8 16. Qd2 Qf6 17. f4 exf4 18. Bxf4 Bg4 19. Re1 Nbd7 20. e5 dxe5 21. dxe5 Qf5
22. Ne2 Bxe2 23. Rxe2 Ne6 24. Bxh6 O-O-O 25. Bxe6 Qxe6 26. Kb2 Nb6 27. Qf4 Rxh6
28. Qf2 Na4+ 29. Kc1 Qxa2 0-1

[Event "SV Lauf 1-SC Heideck/Hilpoltstein 1"]
[Site "?"]
[Date "2015.01.25"]
[Round "5.3"]
[White "Wegmann, Wolfgang"]
[Black "Fiedler, Lars"]
[Result "1-0"]
[WhiteElo "1901"]
[BlackElo "2057"]
[PlyCount "109"]
[EventDate "2015.??.??"]
[WhiteTeam "SC Heideck/Hilpoltstein 1"]
[BlackTeam "SV Lauf 1"]

1. c4 Nf6 2. g3 e6 3. Bg2 d5 4. Nf3 Be7 5. O-O O-O 6. Qc2 b6 7. b3 Bb7 8. Bb2
Nbd7 9. d4 c5 10. Nbd2 Rc8 11. Qb1 Rc7 12. a4 a5 13. e3 Qa8 14. Ne5 Rfc8 15.
Qa2 Ne8 16. Rac1 f6 17. Nxd7 Rxd7 18. cxd5 exd5 19. Bh3 Rdc7 20. Bxc8 Qxc8 21.
Kg2 h5 22. f3 Nd6 23. Qb1 Nf5 24. Rfe1 Bd6 25. e4 Nxd4 26. Bxd4 cxd4 27. Rxc7
Qxc7 28. exd5 Bb4 29. Qg6 Bxd5 30. Qe8+ Bf8 31. Qb5 Qb7 32. Qd3 Bc5 33. Ne4 Bb4
34. Re2 Qf7 35. Rb2 f5 36. Ng5 Qf6 37. h4 g6 38. Re2 Bc5 39. Qb5 Qc6 40. Qd3
Qd7 41. Kh2 Kg7 42. f4 Qc6 43. Rf2 Be4 44. Qc4 Qd5 45. Qa6 Qd7 46. Qc4 d3 47.
Ne6+ Kh7 48. Rd2 Bb4 49. Qxb4 Qxe6 50. Qc3 Qd6 51. Kg1 Kg8 52. Kf2 Kf7 53. Rd1
Ke6 54. Qc8+ Kd5 55. Qc4# 1-0

[Event "SV Lauf 1-SC Heideck/Hilpoltstein 1"]
[Site "?"]
[Date "2015.01.25"]
[Round "5.4"]
[White "Puschak, Oliver"]
[Black "Korth, Manfred"]
[Result "1/2-1/2"]
[WhiteElo "1938"]
[BlackElo "1833"]
[PlyCount "198"]
[EventDate "2015.??.??"]
[WhiteTeam "SV Lauf 1"]
[BlackTeam "SC Heideck/Hilpoltstein 1"]

1. e4 d6 2. Nf3 Nf6 3. Nc3 c6 4. Bc4 b5 5. Bd3 Nbd7 6. O-O e5 7. a3 Nc5 8. h3
Be7 9. Re1 Nxd3 10. cxd3 Qb6 11. Qe2 O-O 12. Qe3 Qxe3 13. Rxe3 Bd8 14. b4 a5
15. Bb2 axb4 16. axb4 Rxa1+ 17. Bxa1 Bb6 18. Re1 Nh5 19. Ne2 f5 20. Nh2 fxe4
21. dxe4 Bxf2+ 22. Kf1 Bxe1+ 23. Kxe1 Nf4 24. Nxf4 Rxf4 25. d3 Kf7 26. Ke2 Ke6
27. Nf3 h6 28. Bc3 g5 29. Ke3 Rf8 30. d4 exd4+ 31. Bxd4 Bd7 32. Bg7 Ra8 33.
Bxh6 g4 34. hxg4 c5 35. e5 Ra3+ 36. Kd2 Bc6 37. exd6 Bxf3 38. gxf3 c4 39. Be3
Rd3+ 40. Ke2 Rxd6 41. f4 Rd3 42. Bd2 Rg3 43. g5 Kf5 44. Kf2 Rb3 45. Ke2 c3 46.
Be1 Rxb4 47. Bxc3 Rxf4 48. Bf6 Rg4 49. Kd3 Ke6 50. Kc3 Kd6 51. Kb3 Kc6 52. Be7
Re4 53. Bf8 Re8 54. Ba3 Re3+ 55. Kb4 Re4+ 56. Kb3 Kd5 57. Bb2 b4 58. g6 Kc5 59.
g7 Re3+ 60. Kc2 Rg3 61. Be5 Rg6 62. Kb3 Kb5 63. Bd6 Rg4 64. g8=Q Rxg8 65. Bxb4
Rg3+ 66. Bc3 Kc5 67. Kc2 Kc4 68. Ba5 Rg2+ 69. Kd1 Kd3 70. Ke1 Re2+ 71. Kf1 Ke3
72. Bb6+ Kf3 73. Kg1 Rg2+ 74. Kh1 Rc2 75. Bd4 Rc6 76. Bg1 Rh6+ 77. Bh2 Rh4 78.
Kg1 Rg4+ 79. Kh1 Kf2 80. Bc7 Rg1+ 81. Kh2 Rg6 82. Kh1 Rc6 83. Bf4 Rc4 84. Bg5
Rg4 85. Be7 Rc4 86. Bd6 Rc6 87. Be5 Rh6+ 88. Bh2 Re6 89. Bg1+ Kf3 90. Bc5 Rh6+
91. Kg1 Rc6 92. Bd4 Rg6+ 93. Kh1 Ke2 94. Be5 Kf1 95. Bf4 Rg4 96. Be5 Kf2 97.
Bd6 Rc4 98. Be5 Rh4+ 99. Bh2 Kf1 1/2-1/2

[Event "SV Lauf 1-SC Heideck/Hilpoltstein 1"]
[Site "?"]
[Date "2015.01.25"]
[Round "5.5"]
[White "Ruderer, Thomas"]
[Black "Daumin, Jan"]
[Result "1-0"]
[WhiteElo "1768"]
[BlackElo "1726"]
[PlyCount "87"]
[EventDate "2015.??.??"]
[WhiteTeam "SC Heideck/Hilpoltstein 1"]
[BlackTeam "SV Lauf 1"]

1. e4 c6 2. d4 d5 3. exd5 cxd5 4. Nf3 Nc6 5. Bd3 Bg4 6. c3 e6 7. Bf4 Bd6 8.
Bxd6 Qxd6 9. O-O Nf6 10. Nbd2 O-O 11. Qe1 Rac8 12. Ne5 Bh5 13. f4 Bg6 14. Bxg6
hxg6 15. Qh4 Qd8 16. Rae1 Na5 17. Nef3 Ne4 18. Ng5 Nxg5 19. fxg5 Nc4 20. Nxc4
dxc4 21. Rf3 Re8 22. Rh3 f6 23. Qh7+ Kf7 24. gxf6 Kxf6 25. Rf3+ Ke7 26. Qxg7+
Kd6 27. Qe5+ Kc6 28. Rf6 Kb6 29. Rxg6 Qh4 30. Rxe6+ Rxe6 31. Qxe6+ Rc6 32. Qe7
Qh6 33. d5 Rd6 34. Qxd6+ Qxd6 35. Re6 Kc5 36. Rxd6 Kxd6 37. Kf2 Kxd5 38. Ke3 b5
39. g4 a5 40. h4 b4 41. h5 Ke5 42. h6 Kf6 43. Ke4 b3 44. a4 1-0

[Event "SV Lauf 1-SC Heideck/Hilpoltstein 1"]
[Site "?"]
[Date "2015.01.25"]
[Round "5.6"]
[White "Scherb, Ansgar"]
[Black "Perner, Bastian"]
[Result "0-1"]
[WhiteElo "1793"]
[BlackElo "1880"]
[PlyCount "134"]
[EventDate "2015.??.??"]
[WhiteTeam "SV Lauf 1"]
[BlackTeam "SC Heideck/Hilpoltstein 1"]

1. e4 e5 2. Nf3 Nc6 3. d4 exd4 4. c3 d5 5. exd5 Qxd5 6. cxd4 Bb4+ 7. Nc3 Bg4 8.
Be2 Nge7 9. O-O Qd8 10. a3 Bd6 11. d5 Bxf3 12. Bxf3 Ne5 13. Be2 O-O 14. f4 Nd7
15. Qc2 Nf6 16. Bf3 Bc5+ 17. Kh1 Bd4 18. Nb5 Bb6 19. d6 cxd6 20. Bxb7 Rb8 21.
Bf3 d5 22. Qd3 Qd7 23. Nd4 Rfd8 24. b4 Bxd4 25. Qxd4 Nf5 26. Qd3 d4 27. Bd2
Rbc8 28. Rac1 g6 29. b5 Nd5 30. Rxc8 Rxc8 31. Bg4 Nde7 32. a4 h5 33. Bh3 Qd5
34. Re1 Qc4 35. Qxc4 Rxc4 36. a5 Rc2 37. Bxf5 Nxf5 38. Bc1 Rc5 39. b6 axb6 40.
axb6 Rb5 41. Ba3 Rxb6 42. Re8+ Kg7 43. Kg1 d3 44. Rd8 Rb3 45. Bc5 Kf6 46. Kf2
Rb2+ 47. Kf3 Rc2 48. Bb4 Nh4+ 49. Kg3 Nxg2 50. Rxd3 Nxf4 51. Rf3 g5 52. Ra3 h4+
53. Kg4 Rg2+ 54. Kf3 Rxh2 55. Bc3+ Kg6 56. Ra6+ Ne6 57. Be5 Rc2 58. Ra7 Kf5 59.
Bd6 Rc3+ 60. Kg2 f6 61. Rf7 Nf4+ 62. Bxf4 Kxf4 63. Rxf6+ Kg4 64. Ra6 h3+ 65.
Kh2 Rc2+ 66. Kh1 Kh4 67. Rh6+ Kg3 0-1

[Event "SV Lauf 1-SC Heideck/Hilpoltstein 1"]
[Site "?"]
[Date "2015.01.25"]
[Round "5.7"]
[White "Strnad, Alfred"]
[Black "Walter, Manfred"]
[Result "1-0"]
[WhiteElo "1869"]
[BlackElo "1661"]
[PlyCount "85"]
[EventDate "2015.??.??"]
[WhiteTeam "SC Heideck/Hilpoltstein 1"]
[BlackTeam "SV Lauf 1"]

1. d4 d6 2. c4 e5 3. dxe5 dxe5 4. Qxd8+ Kxd8 5. Nf3 f6 6. e4 Be6 7. Nc3 c6 8.
a3 a5 9. Be3 Nd7 10. Na4 Kc7 11. Be2 g6 12. O-O Bh6 13. c5 Bxe3 14. fxe3 Bb3
15. Nb6 Nxb6 16. cxb6+ Kxb6 17. Nd2 Be6 18. b4 axb4 19. Rab1 Rxa3 20. Bc4 Kc5
21. Bxe6 Rxe3 22. Rfc1+ Rc3 23. Nb3+ Kd6 24. Rxc3 bxc3 25. Bxg8 Rxg8 26. Rd1+
Kc7 27. Rc1 f5 28. Rxc3 fxe4 29. Nc5 b6 30. Nxe4 Rf8 31. Ng5 Kd6 32. Nxh7 Rf5
33. Rg3 b5 34. Rxg6+ Kd5 35. Ng5 b4 36. g4 Rxg5 37. Rxg5 Kd4 38. Rg6 c5 39. Rb6
Kd3 40. g5 e4 41. g6 e3 42. g7 e2 43. Kf2 1-0

[Event "SV Lauf 1-SC Heideck/Hilpoltstein 1"]
[Site "?"]
[Date "2015.01.25"]
[Round "5.8"]
[White "Giering, Goetz"]
[Black "Ruderer, Maximilian"]
[Result "1/2-1/2"]
[WhiteElo "1787"]
[BlackElo "1728"]
[PlyCount "84"]
[EventDate "2015.??.??"]
[WhiteTeam "SV Lauf 1"]
[BlackTeam "SC Heideck/Hilpoltstein 1"]

1. d4 e6 2. c4 d5 3. Nc3 Nf6 4. Nf3 Be7 5. Bg5 Nbd7 6. c5 O-O 7. e3 Nh5 8. Bxe7
Qxe7 9. Bd3 Nhf6 10. Qc2 e5 11. dxe5 Nxe5 12. Nxe5 Qxe5 13. Ne2 c6 14. Rb1 Re8
15. h3 Qg5 16. Kf1 Bd7 17. Nd4 Ne4 18. Bxe4 Rxe4 19. b4 Rae8 20. Rb3 f5 21. g3
h5 22. h4 Qf6 23. Qd1 g6 24. a4 a6 25. Kg2 Kg7 26. b5 axb5 27. axb5 Ra8 28.
bxc6 Bxc6 29. Rb6 Ra6 30. Rxa6 bxa6 31. Qb3 Re8 32. Ra1 Ba8 33. Ra5 Rc8 34. Qa3
Bb7 35. Ra4 Qe7 36. Qc3 Kh6 37. Nb3 Qd7 38. Rd4 Qd6 39. Qb4 Qc7 40. Na5 Ba8 41.
Nb3 Rb8 42. Qa3 Qc6 1/2-1/2

[Event "SC Heideck/Hilpoltstein 1-SK Schwanstet"]
[Site "?"]
[Date "2015.02.08"]
[Round "6.1"]
[White "Manthey, Frank"]
[Black "Fink, Martin"]
[Result "1/2-1/2"]
[WhiteElo "2045"]
[BlackElo "1847"]
[PlyCount "145"]
[EventDate "2015.??.??"]
[WhiteTeam "SK Schwanstetten 1"]
[BlackTeam "SC Heideck/Hilpoltstein 1"]

1. e4 e5 2. Nf3 Nc6 3. Bb5 d6 4. c3 Nf6 5. O-O Be7 6. Re1 O-O 7. d3 a6 8. Ba4
b5 9. Bb3 Na5 10. Bc2 c5 11. Nbd2 Nc6 12. Nf1 d5 13. exd5 Qxd5 14. Bb3 Qd6 15.
Nxe5 Nxe5 16. Bf4 Nfg4 17. d4 Qf6 18. Bxe5 Qxf2+ 19. Kh1 Nxe5 20. Rxe5 Bd6 21.
Qe2 Qf6 22. Re3 Bf4 23. Re4 cxd4 24. Rxd4 Bb7 25. Re1 Rad8 26. Rxd8 Qxd8 27.
Qe7 Qxe7 28. Rxe7 Bc8 29. Kg1 Bd6 30. Re1 Bc5+ 31. Kh1 g6 32. Nd2 Kg7 33. Nf3
Bb7 34. Rd1 Re8 35. Ng5 Re5 36. h4 Re2 37. Bd5 Bxd5 38. Rxd5 Bf2 39. Rd7 Bxh4
40. Nxf7 Rxb2 41. Kh2 Rxa2 42. Ng5+ Kf6 43. Nf3 Bf2 44. Rxh7 Rc2 45. Rc7 b4 46.
Rc6+ Kf5 47. Rxa6 Rxc3 48. Ra5+ Rc5 49. Ra2 Be3 50. Rb2 Rb5 51. Rb3 Bb6 52. g3
Ke4 53. Kg2 Be3 54. Ne1 g5 55. Nc2 Bd2 56. Kf2 Rc5 57. Nxb4 Rb5 58. Na6 Ra5 59.
Nb4 Kf5 60. Ke2 Bc1 61. Rb1 Re5+ 62. Kf2 Be3+ 63. Kf3 Bd2 64. Nc2 Rc5 65. Nd4+
Ke5 66. Ne2 Ba5 67. g4 Rd5 68. Rb3 Bd2 69. Ng3 Rc5 70. Ne4 Rd5 71. Nxd2 Rxd2
72. Rb5+ Rd5 73. Rb3 1/2-1/2

[Event "SC Heideck/Hilpoltstein 1-SK Schwanstet"]
[Site "?"]
[Date "2015.02.08"]
[Round "6.2"]
[White "Kirchner, Norbert"]
[Black "Kroneder, Christian"]
[Result "0-1"]
[WhiteElo "2013"]
[BlackElo "2054"]
[PlyCount "104"]
[EventDate "2015.??.??"]
[WhiteTeam "SC Heideck/Hilpoltstein 1"]
[BlackTeam "SK Schwanstetten 1"]

1. e4 c5 2. Nf3 d6 3. Bc4 Nf6 4. e5 dxe5 5. Nxe5 e6 6. Qf3 Qc7 7. Ng4 Nbd7 8.
Nc3 a6 9. d3 Nxg4 10. Qxg4 Nf6 11. Qh4 Be7 12. O-O b5 13. Bb3 Bb7 14. a4 O-O
15. Bf4 Qc6 16. f3 Rad8 17. axb5 axb5 18. Rfe1 c4 19. dxc4 bxc4 20. Ba4 Qb6+
21. Kh1 Ne4 22. Be3 Bxh4 23. Bxb6 Bxe1 24. Nxe4 Ra8 25. Nc5 Bc6 26. Rxe1 Bxa4
27. b3 cxb3 28. cxb3 Bxb3 29. Ne4 Rfb8 30. Bd4 Bc2 31. h4 Rb1 32. Rxb1 Bxb1 33.
Nc3 Bd3 34. Kh2 f6 35. Nd1 Ra2 36. Kg3 e5 37. Bf2 Kf7 38. Nc3 Rc2 39. Nd5 Rb2
40. Be3 Bc4 41. Nc3 Bf1 42. f4 Rxg2+ 43. Kf3 Rc2 44. Nb1 Bg2+ 45. Kg3 Be4 46.
fxe5 fxe5 47. Kg4 Ke6 48. Nd2 Rc3 49. Bg5 h6 50. Bd8 Bg2 51. h5 Bh3+ 52. Kh4
Bf5 0-1

[Event "SC Heideck/Hilpoltstein 1-SK Schwanstet"]
[Site "?"]
[Date "2015.02.08"]
[Round "6.4"]
[White "Korth, Manfred"]
[Black "Arlt, Michael"]
[Result "1/2-1/2"]
[WhiteElo "1833"]
[BlackElo "1884"]
[PlyCount "45"]
[EventDate "2015.??.??"]
[WhiteTeam "SC Heideck/Hilpoltstein 1"]
[BlackTeam "SK Schwanstetten 1"]

1. Nf3 c5 2. c3 Nc6 3. d4 cxd4 4. cxd4 d5 5. Bf4 Nf6 6. e3 Bg4 7. Be2 Qb6 8.
Qb3 Qxb3 9. axb3 e6 10. h3 Bf5 11. O-O Be7 12. Nc3 O-O 13. Rfc1 Ne4 14. Nxe4
Bxe4 15. Ne5 Nxe5 16. Bxe5 f6 17. Bg3 Bd8 18. b4 Bg6 19. Bd6 Rf7 20. Rc3 Rd7
21. Bg3 Be8 22. Rac1 Be7 23. b5 1/2-1/2

[Event "SC Heideck/Hilpoltstein 1-SK Schwanstet"]
[Site "?"]
[Date "2015.02.08"]
[Round "6.5"]
[White "Leonhardt, Frank"]
[Black "Ruderer, Thomas"]
[Result "1-0"]
[WhiteElo "1880"]
[BlackElo "1768"]
[PlyCount "199"]
[EventDate "2015.??.??"]
[WhiteTeam "SK Schwanstetten 1"]
[BlackTeam "SC Heideck/Hilpoltstein 1"]

1. e4 e6 2. d4 d5 3. Nd2 Nf6 4. Bd3 dxe4 5. Nxe4 Nxe4 6. Bxe4 Nd7 7. c3 c5 8.
Nf3 Be7 9. O-O O-O 10. Qc2 Nf6 11. Bd3 cxd4 12. Nxd4 a6 13. Bg5 h6 14. Bh4 Nd5
15. Bg3 Bd7 16. Rad1 Rc8 17. Rfe1 Bf6 18. Qe2 Re8 19. Nf3 Bxc3 20. bxc3 Nxc3
21. Qe3 Nxd1 22. Rxd1 Qe7 23. Qe4 g6 24. Qxb7 Bb5 25. Qxe7 Rxe7 26. Bxb5 axb5
27. Rb1 Ra7 28. h4 Rxa2 29. Rxb5 Ra7 30. Rb8 Rxb8 31. Bxb8 Ra1+ 32. Kh2 f6 33.
Bf4 Ra2 34. Be3 Kf7 35. g3 e5 36. Kg2 Kg7 37. Nh2 h5 38. Nf3 Kf7 39. Nd2 Rc2
40. Kf3 Ra2 41. Ke4 Ke6 42. Nb3 Ra4+ 43. Kf3 Kf5 44. Nc5 Rc4 45. Nb7 Ra4 46.
Nd6+ Ke6 47. Nc8 Rb4 48. Kg2 Kd7 49. Nb6+ Ke6 50. Kf3 g5 51. hxg5 fxg5 52. Kg2
e4 53. Kh3 Kf5 54. Nd7 g4+ 55. Kg2 Rb1 56. Nb6 Ke5 57. Nc4+ Kd5 58. Nd2 Ra1 59.
Bf4 Ra4 60. Be3 Ra2 61. Kf1 Ra4 62. Ke2 Ke5 63. Kd1 Ra2 64. Kc1 Ra1+ 65. Kb2
Ra8 66. Nc4+ Kf5 67. Kc3 Rh8 68. Nd6+ Kg6 69. Nxe4 h4 70. gxh4 Rxh4 71. Kd4 Rh8
72. Kd3 Kh5 73. Ke2 Kh4 74. Kf1 Re8 75. Nc3 Kh3 76. Ne2 Ra8 77. Nf4+ Kh4 78.
Kg2 Ra4 79. Ne2 Rc4 80. Nd4 Ra4 81. Nf5+ Kh5 82. Kg3 Ra1 83. Nd6 Ra4 84. Nf5
Rc4 85. Nd4 Ra4 86. Ne2 Kg6 87. Kh4 Kf5 88. Nd4+ Ke5 89. Kxg4 Ra8 90. Nf3+ Ke6
91. Ng5+ Ke5 92. f4+ Kf6 93. Bd4+ Ke7 94. f5 Ra4 95. Nf3 Kf7 96. Kg5 Ra2 97.
Ne5+ Kg8 98. f6 Rd2 99. f7+ Kf8 100. Bc5+ 1-0

[Event "SC Heideck/Hilpoltstein 1-SK Schwanstet"]
[Site "?"]
[Date "2015.02.08"]
[Round "6.6"]
[White "Perner, Bastian"]
[Black "Vogt, Peter"]
[Result "1/2-1/2"]
[WhiteElo "1880"]
[BlackElo "1834"]
[PlyCount "99"]
[EventDate "2015.??.??"]
[WhiteTeam "SC Heideck/Hilpoltstein 1"]
[BlackTeam "SK Schwanstetten 1"]

1. e4 c5 2. Nf3 d6 3. d4 cxd4 4. Nxd4 Nf6 5. Nc3 a6 6. Be2 e5 7. Nb3 Be7 8. Be3
O-O 9. O-O Be6 10. Rc1 Nc6 11. f3 Rc8 12. Qd2 d5 13. exd5 Nxd5 14. Nxd5 Bxd5
15. c3 Na5 16. Nxa5 Qxa5 17. c4 Qxd2 18. Bxd2 Bc5+ 19. Kh1 Be6 20. Bc3 Be3 21.
Rce1 f6 22. b3 Rfd8 23. Rd1 Kf7 24. Rxd8 Rxd8 25. Rd1 Rxd1+ 26. Bxd1 Bf5 27. a3
Bd3 28. g3 Ke6 29. Kg2 g5 30. h3 f5 31. Bb4 f4 32. Bf8 a5 33. c5 Kd5 34. b4 Bc1
35. Bb3+ Bc4 36. Bxc4+ Kxc4 37. bxa5 Kd5 38. Be7 fxg3 39. Kxg3 Ke6 40. Bf8 Kf7
41. Bd6 Bxa3 42. Bxe5 Bxc5 43. Bc7 Bb4 44. f4 Be1+ 45. Kg4 gxf4 46. Kxf4 Kg6
47. Kg4 Bd2 48. Bd8 Bc1 49. Bc7 h5+ 50. Kg3 1/2-1/2

[Event "SC Heideck/Hilpoltstein 1-SK Schwanstet"]
[Site "?"]
[Date "2015.02.08"]
[Round "6.7"]
[White "Arlt, Birgit"]
[Black "Strnad, Alfred"]
[Result "0-1"]
[WhiteElo "1585"]
[BlackElo "1869"]
[PlyCount "106"]
[EventDate "2015.??.??"]
[WhiteTeam "SK Schwanstetten 1"]
[BlackTeam "SC Heideck/Hilpoltstein 1"]

1. e4 c5 2. Nf3 Nc6 3. d4 cxd4 4. Nxd4 Nf6 5. Nc3 e6 6. Bg5 Be7 7. Bb5 O-O 8.
Rb1 a6 9. Nxc6 bxc6 10. Bd3 Qc7 11. O-O d5 12. f4 h6 13. Bh4 Nxe4 14. Nxe4 Bxh4
15. Nd2 Bb7 16. Qg4 Bf6 17. Kh1 a5 18. Rf3 Ba6 19. Bxa6 Rxa6 20. Rh3 Kh8 21.
Nf3 g6 22. Ng5 Kg7 23. Rxh6 Bxg5 24. Qxg5 Qd8 25. Qxd8 Rxd8 26. Rh3 c5 27. Kg1
a4 28. Rc3 Ra5 29. Rd1 Rb8 30. b3 Rb4 31. g3 Kf6 32. Kf2 Rab5 33. bxa4 Rxa4 34.
Rb3 Rba5 35. Rb2 Rxa2 36. Rxa2 Rxa2 37. Rd2 d4 38. Kf3 g5 39. fxg5+ Kxg5 40.
Ke4 f6 41. Kd3 Ra3+ 42. Kc4 Rc3+ 43. Kb5 e5 44. Re2 Kf5 45. Kc6 e4 46. Rf2+ Ke5
47. g4 e3 48. Rf5+ Ke6 49. Rf1 Rxc2 50. h4 e2 51. Re1 d3 52. h5 Kf7 53. h6 d2
0-1

[Event "SC Heideck/Hilpoltstein 1-SK Schwanstet"]
[Site "?"]
[Date "2015.02.08"]
[Round "6.8"]
[White "Ruderer, Maximilian"]
[Black "Gstaltmeyr, Karl"]
[Result "0-1"]
[WhiteElo "1728"]
[BlackElo "1721"]
[PlyCount "44"]
[EventDate "2015.??.??"]
[WhiteTeam "SC Heideck/Hilpoltstein 1"]
[BlackTeam "SK Schwanstetten 1"]

1. e4 e5 2. Nf3 d6 3. Bc4 Be7 4. c3 Nf6 5. Qc2 Bg4 6. Ng5 Bh5 7. d3 O-O 8. f4
Nbd7 9. O-O exf4 10. Nf3 g5 11. b4 Ne5 12. Nbd2 Ned7 13. Bb2 Ng4 14. Qb3 Ne3
15. Rf2 c6 16. Nf1 Ng4 17. Rd2 b5 18. Bxf7+ Bxf7 19. c4 bxc4 20. dxc4 Qb6+ 21.
Nd4 Nde5 22. Rc1 Rad8 0-1

[Event "SC 48/88 Erlangen 3-SG Kirchehren./Eber"]
[Site "?"]
[Date "2015.02.08"]
[Round "6.1"]
[White "Kuhmann, Peter"]
[Black "Diller, Daniel"]
[Result "0-1"]
[WhiteElo "1843"]
[BlackElo "1964"]
[PlyCount "88"]
[EventDate "2015.??.??"]
[WhiteTeam "SG Kirchehren./Eberm. 1"]
[BlackTeam "SC 48/88 Erlangen 3"]

1. c4 c5 2. e3 g6 3. d4 cxd4 4. exd4 Bg7 5. Nf3 Nf6 6. Bd3 O-O 7. O-O d5 8. Nc3
Bg4 9. h3 Bxf3 10. Qxf3 Nc6 11. cxd5 Nxd4 12. Qe3 Nxd5 13. Nxd5 Qxd5 14. Qxe7
Rfe8 15. Qa3 Bf8 16. Qa4 Nf3+ 17. gxf3 Qxd3 18. Be3 Re5 19. Rad1 Qe2 20. Qg4
Rf5 21. Rd2 Qxf3 22. Qxf3 Rxf3 23. Rd7 Rxh3 24. Rfd1 Rf3 25. Rd8 Rxd8 26. Rxd8
Kg7 27. Bd4+ f6 28. Rd7+ Kh6 29. Bxa7 b5 30. Rd8 Be7 31. Rd7 Bf8 32. Be3+ g5
33. Rd5 Kg6 34. Rxb5 g4 35. Kg2 h5 36. a4 h4 37. a5 h3+ 38. Kg1 g3 39. a6 Bd6
40. a7 h2+ 41. Kg2 gxf2 42. Bxf2 Rxf2+ 43. Kxf2 h1=Q 44. Rb8 Bc5+ 0-1

[Event "SC 48/88 Erlangen 3-SG Kirchehren./Eber"]
[Site "?"]
[Date "2015.02.08"]
[Round "6.2"]
[White "Zhao, Kevin"]
[Black "Pokorny, Klaus"]
[Result "1-0"]
[WhiteElo "2006"]
[BlackElo "1736"]
[PlyCount "67"]
[EventDate "2015.??.??"]
[WhiteTeam "SC 48/88 Erlangen 3"]
[BlackTeam "SG Kirchehren./Eberm. 1"]

1. e4 e5 2. Nf3 Nc6 3. Bb5 a6 4. Ba4 Nf6 5. O-O Be7 6. Re1 b5 7. Bb3 O-O 8. c3
d5 9. exd5 Nxd5 10. Nxe5 Nxe5 11. Rxe5 c6 12. d3 Bd6 13. Re1 Qh4 14. g3 Qh3 15.
Re4 Nf6 16. Rh4 Qf5 17. Nd2 g5 18. Rh6 Ng4 19. Ne4 Bxg3 20. Qxg4 Qxg4 21. Nf6+
Kg7 22. Nxg4 Bxg4 23. Bxg5 f6 24. hxg3 fxg5 25. Rxc6 Be2 26. d4 Rae8 27. Re1
Bf3 28. Rc7+ Kh8 29. Ree7 Rxe7 30. Rxe7 g4 31. Kf1 b4 32. d5 bxc3 33. bxc3 Rf5
34. d6 1-0

[Event "SC 48/88 Erlangen 3-SG Kirchehren./Eber"]
[Site "?"]
[Date "2015.02.08"]
[Round "6.3"]
[White "Friedrich, Heinrich"]
[Black "Gloth, Gerrit"]
[Result "1-0"]
[WhiteElo "1915"]
[BlackElo "1870"]
[PlyCount "76"]
[EventDate "2015.??.??"]
[WhiteTeam "SG Kirchehren./Eberm. 1"]
[BlackTeam "SC 48/88 Erlangen 3"]

1. e4 Nf6 2. Nc3 d5 3. exd5 Nxd5 4. Qf3 c6 5. Bc4 Nf6 6. h3 Nbd7 7. Bb3 Nc5 8.
Bc4 Ncd7 9. d4 Nb6 10. Bb3 e6 11. Nge2 Be7 12. Be3 Nbd5 13. O-O O-O 14. Rad1 b6
15. Nxd5 cxd5 16. c3 b5 17. Bg5 Bb7 18. Qd3 a5 19. Bc2 Ne4 20. Bxe7 Qxe7 21. f3
Nf6 22. Rfe1 Ba6 23. Nf4 g6 24. Re3 Qd6 25. g3 Rfc8 26. Rde1 b4 27. Qd2 bxc3
28. bxc3 Kg7 29. h4 h5 30. Re5 Qa3 31. Nxe6+ fxe6 32. Rxe6 Qxc3 33. Qf4 Rf8 34.
Bb1 Bd3 35. Qe3 Rae8 36. Re7+ Rxe7 37. Qxe7+ Rf7 38. Qe3 Qc7 1-0

[Event "SC 48/88 Erlangen 3-SG Kirchehren./Eber"]
[Site "?"]
[Date "2015.02.08"]
[Round "6.4"]
[White "Albrecht, Thorsten"]
[Black "Kotz, Roland"]
[Result "1-0"]
[WhiteElo "1827"]
[BlackElo "1633"]
[PlyCount "67"]
[EventDate "2015.??.??"]
[WhiteTeam "SC 48/88 Erlangen 3"]
[BlackTeam "SG Kirchehren./Eberm. 1"]

1. d4 d5 2. c4 c6 3. Nc3 Nf6 4. Nf3 Bf5 5. Qb3 Qc7 6. cxd5 Nxd5 7. Nxd5 cxd5 8.
Qxd5 e6 9. Qb5+ Nc6 10. Bd2 a6 11. Qb3 Bd6 12. g3 Be4 13. Rc1 Qe7 14. Qe3 Bxf3
15. exf3 Bb4 16. Bg2 O-O 17. f4 Na5 18. O-O Rac8 19. b3 Bxd2 20. Qxd2 Qa3 21.
Rc2 b5 22. Rfc1 Rxc2 23. Rxc2 Rd8 24. Qc3 Rf8 25. Qc5 b4 26. d5 Nxb3 27. axb3
Qxb3 28. d6 a5 29. d7 Qd3 30. Bc6 b3 31. Rb2 Qd1+ 32. Kg2 a4 33. Bxa4 Qa1 34.
Qxf8+ 1-0

[Event "SC 48/88 Erlangen 3-SG Kirchehren./Eber"]
[Site "?"]
[Date "2015.02.08"]
[Round "6.5"]
[White "Schneider, Norbert"]
[Black "Huettl, Walter"]
[Result "1/2-1/2"]
[WhiteElo "1690"]
[BlackElo "1809"]
[PlyCount "81"]
[EventDate "2015.??.??"]
[WhiteTeam "SG Kirchehren./Eberm. 1"]
[BlackTeam "SC 48/88 Erlangen 3"]

1. Nf3 Nf6 2. d4 d5 3. c4 c6 4. Nc3 e6 5. a3 Be7 6. Bg5 h6 7. Bh4 O-O 8. e3
dxc4 9. Bxc4 b5 10. Bd3 Bb7 11. O-O Nbd7 12. Rc1 a6 13. Bb1 Rc8 14. Ne2 c5 15.
Bxf6 Nxf6 16. Ne1 Qb6 17. dxc5 Bxc5 18. Nc3 Qa7 19. Qe2 Rfd8 20. Nd3 Bf8 21.
Rfd1 Qa8 22. f3 Qa7 23. Kh1 Rc4 24. Ne5 Rxd1+ 25. Rxd1 Rc8 26. Nd7 Nd5 27. Nxd5
Bxd5 28. Nxf8 Kxf8 29. e4 Bb3 30. Re1 Qd4 31. h3 Rd8 32. Kh2 Qd2 33. e5 Bc4 34.
Qe3 Qxb2 35. Qc5+ Kg8 36. Be4 Qd2 37. Qe7 Qd4 38. Kh1 Qb6 39. Kh2 Qb8 40. Kh1
Re8 41. Qd7 1/2-1/2

[Event "SC 48/88 Erlangen 3-SG Kirchehren./Eber"]
[Site "?"]
[Date "2015.02.08"]
[Round "6.6"]
[White "Weber, Alexander"]
[Black "Kramer, Markus"]
[Result "1-0"]
[WhiteElo "1800"]
[BlackElo "1706"]
[PlyCount "63"]
[EventDate "2015.??.??"]
[WhiteTeam "SC 48/88 Erlangen 3"]
[BlackTeam "SG Kirchehren./Eberm. 1"]

1. e4 e6 2. d4 d5 3. Nd2 c5 4. dxc5 Bxc5 5. Nb3 Nf6 6. Nxc5 Qa5+ 7. c3 Qxc5 8.
Be3 Qc7 9. exd5 Nxd5 10. Bd2 O-O 11. Bd3 Nc6 12. Qh5 Qe5+ 13. Qxe5 Nxe5 14. Bc2
Bd7 15. Ne2 Rfd8 16. O-O-O Rac8 17. Nd4 a6 18. Bg5 f6 19. Bh4 Kf7 20. Rhe1 g6
21. Kb1 b5 22. Bg3 Nc4 23. Be4 Ncb6 24. Bxd5 Nxd5 25. Bd6 e5 26. Nc2 Be6 27.
Ba3 a5 28. Ne3 Nxe3 29. fxe3 Bg4 30. Rxd8 Rxd8 31. h3 Be6 32. Bc5 1-0

[Event "SC 48/88 Erlangen 3-SG Kirchehren./Eber"]
[Site "?"]
[Date "2015.02.08"]
[Round "6.7"]
[White "Kuhmann, Heinz"]
[Black "Balhar, Michael"]
[Result "0-1"]
[WhiteElo "1634"]
[BlackElo "1795"]
[PlyCount "84"]
[EventDate "2015.??.??"]
[WhiteTeam "SG Kirchehren./Eberm. 1"]
[BlackTeam "SC 48/88 Erlangen 3"]

1. b4 e5 2. Bb2 f6 3. a3 d5 4. e3 c5 5. bxc5 Bxc5 6. d4 exd4 7. Bxd4 Nc6 8. c3
Bxd4 9. cxd4 Nge7 10. Bd3 Qa5+ 11. Qd2 Bf5 12. Qxa5 Nxa5 13. Bxf5 Nxf5 14. Nc3
Ne7 15. Nge2 Rc8 16. O-O Kf7 17. Rab1 a6 18. Rfc1 Rc4 19. Kf1 Rhc8 20. Ke1 R4c7
21. Na4 Rxc1+ 22. Rxc1 Rxc1+ 23. Nxc1 Nc4 24. Nc5 Nxa3 25. Nxb7 Nc4 26. Nb3 Nc6
27. Ke2 Ke7 28. Kd3 a5 29. N7c5 Kd6 30. Kc3 g6 31. e4 Nb6 32. Nb7+ Kc7 33.
N7xa5 Nxa5 34. Nxa5 dxe4 35. Nb3 Kd6 36. Kb4 Nd5+ 37. Kc4 Nf4 38. Nd2 f5 39.
Nf1 Nxg2 40. Ne3 Nxe3+ 41. fxe3 g5 42. Kc3 f4 0-1

[Event "SC 48/88 Erlangen 3-SG Kirchehren./Eber"]
[Site "?"]
[Date "2015.02.08"]
[Round "6.8"]
[White "Karataev, Phillip"]
[Black "Seel, Manfred"]
[Result "1-0"]
[WhiteElo "1696"]
[BlackElo "1545"]
[PlyCount "63"]
[EventDate "2015.??.??"]
[WhiteTeam "SC 48/88 Erlangen 3"]
[BlackTeam "SG Kirchehren./Eberm. 1"]

1. e4 c5 2. Nf3 Nc6 3. c3 Nf6 4. e5 Nd5 5. d4 cxd4 6. cxd4 g6 7. Nc3 Nxc3 8.
bxc3 Bg7 9. Bc4 O-O 10. O-O d6 11. exd6 Qxd6 12. a4 Re8 13. Ng5 e6 14. Qf3 Qc7
15. Bf4 Qd7 16. Rad1 Ne7 17. Bb5 Nc6 18. Bc4 Ne7 19. Bb5 Nc6 20. Ne4 a6 21. Bc4
Na5 22. Nc5 Qc6 23. Be2 Rd8 24. Qg3 Qe8 25. Bc7 Nc6 26. Bxd8 Qxd8 27. Bf3 Qe7
28. Rfe1 e5 29. Nd3 Qa3 30. d5 Na5 31. Nxe5 Qxc3 32. d6 1-0